[Event "GER-chT U20 Girls"]
[Site "Borken"]
[Date "2016.12.29"]
[Round "6.4"]
[White "Hietala, Netta"]
[Black "Moeller, Hannah Sophie"]
[Result "0-1"]
[WhiteElo "1008"]
[BlackElo "1695"]
[PlyCount "86"]
[EventDate "2016.12.27"]
[EventType "team-swiss"]
[EventRounds "7"]
[EventCountry "GER"]
[SourceTitle "EXT 2018"]
[Source "ChessBase"]
[SourceDate "2017.10.13"]
[SourceVersion "1"]
[SourceVersionDate "2017.10.13"]
[SourceQuality "1"]
[WhiteTeam "Langen"]
[BlackTeam "Lehrte"]
[WhiteTeamCountry "GER"]
[BlackTeamCountry "GER"]

1. e4 c5 2. Nc3 Nc6 3. Nf3 g6 4. Bb5 Bg7 5. Bxc6 bxc6 6. d4 cxd4 7. Nxd4 Qb6 8. Nde2 e6 9. 0-0 Ne7 10. Kh1 0-0 11. b3 d5 12. Ba3 Re8 13. Bxe7 Rxe7 14. Rb1 Ba6 15. Re1 Qxf2 16. exd5 cxd5 17. Rf1 Qe3 18. Rf3 Qc5 19. Na4 Qc7 20. Nec3 Bb7 21. Rh3 Rc8 22. Nb5 Qxc2 23. Nxa7 d4 24. Qxc2 Rxc2 25. Rg3 Rxa2 26. Nb5 Bc6 27. Nd6 Bxa4 28. bxa4 Rxa4 29. Rb8+ Bf8 30. h3 Rd7 31. Ne8 Ra1+ 32. Kh2 Rf1 33. Rf3 Rxf3 34. gxf3 Ra7 35. Nf6+ Kg7 36. Ne8+ Kh6 37. Nf6 Bd6+ 38. Kg2 Bxb8 39. Ng4+ Kg7 40. Nf2 Ra2 41. Kf1 Bg3 42. Ne4 Bf4 43. Nf2 Be3 0-1

[Event "GER-chT U20 Girls"]
[Site "Borken"]
[Date "2016.12.29"]
[Round "5.4"]
[White "Peglau, Dora"]
[Black "Hietala, Netta"]
[Result "0-1"]
[WhiteElo "1126"]
[BlackElo "1008"]
[PlyCount "96"]
[EventDate "2016.12.27"]
[EventType "team-swiss"]
[EventRounds "7"]
[EventCountry "GER"]
[SourceTitle "EXT 2018"]
[Source "ChessBase"]
[SourceDate "2017.10.13"]
[SourceVersion "1"]
[SourceVersionDate "2017.10.13"]
[SourceQuality "1"]
[WhiteTeam "Bannewitz"]
[BlackTeam "Langen"]
[WhiteTeamCountry "GER"]
[BlackTeamCountry "GER"]

1. e4 e5 2. Nf3 Nc6 3. Bc4 Bc5 4. b4 Nxb4 5. c3 Nc6 6. 0-0 Nf6 7. Re1 d6 8. d4 exd4 9. cxd4 Bb4 10. Nbd2 Bc3 11. Rb1 Bxd4 12. Bb5 Be6 13. Nxd4 0-0 14. Bxc6 bxc6 15. Nxc6 Qd7 16. Nd4 Bxa2 17. Rb2 Be6 18. Rb1 Rfe8 19. Nxe6 Qxe6 20. Nb3 Rab8 21. Nd4 Qe5 22. Bb2 Qc5 23. Rc1 Qb6 24. Ba3 c5 25. Rb1 Qxb1 26. Qxb1 Rxb1 27. Rxb1 cxd4 28. Bxd6 Nxe4 29. Bf4 h6 30. Re1 Nf6 31. Rd1 Rd8 32. h3 Nh5 33. Be5 g5 34. Kf1 d3 35. Ke1 f6 36. Bc3 Kf7 37. Kf1 a6 38. Ke1 Nf4 39. g3 Nxh3 40. f3 Re8+ 41. Kd2 Re2+ 42. Kxd3 Rg2 43. Rd2 Rxg3 44. Ke4 Kg6 45. Ra2 f5+ 46. Ke3 g4 47. Ke2 gxf3+ 48. Kf1 Rg1# 0-1

[Event "Hessen-ch U14/U18 Girls"]
[Site "Bad Homburg"]
[Date "2014.04.17"]
[Round "5"]
[White "Tampe, Katharina"]
[Black "Hietala, Netta"]
[Result "1-0"]
[WhiteElo "1105"]
[BlackElo "901"]
[PlyCount "85"]
[EventDate "2014.04.??"]
[EventType "swiss"]
[EventRounds "7"]
[EventCountry "GER"]
[SourceTitle "EXT 2022"]
[Source "ChessBase"]
[SourceDate "2021.10.06"]
[SourceVersion "1"]
[SourceVersionDate "2021.10.06"]
[SourceQuality "1"]

1. g3 d5 2. Bg2 Nc6 3. Nf3 b6 4. d3 Bf5 5. Bf4 e5 6. Nxe5 Nxe5 7. Bxe5 f6 8. Bf4 Bc5 9. Nc3 Ne7 10. 0-0 0-0 11. e4 Be6 12. Qf3 d4 13. Nd5 Nxd5 14. exd5 Bf7 15. d6 Qd7 16. dxc7 Rac8 17. Qb7 a5 18. Qa6 Rfe8 19. Rfe1 Rxe1+ 20. Rxe1 Rf8 21. Bb7 Be6 22. c8Q Rxc8 23. Bxc8 Qxc8 24. Qxc8+ Bxc8 25. Re8+ Kf7 26. Rxc8 h6 27. Rb8 Be7 28. Rxb6 Bd8 29. Rb7+ Kg6 30. Bc7 Be7 31. Bxa5 Bd6 32. Bb6 Be5 33. a4 Kh7 34. a5 Kg6 35. a6 Kh7 36. a7 Kg6 37. a8Q Kh7 38. Qf8 f5 39. Rd7 Kg6 40. Bxd4 Bf6 41. Bxf6 gxf6 42. Rg7+ Kh5 43. Qf7# 1-0

[Event "Hessen-ch U14/U18 Girls"]
[Site "Bad Homburg"]
[Date "2014.04.16"]
[Round "4"]
[White "Hietala, Netta"]
[Black "Diener, Carolin Valeria"]
[Result "0-1"]
[WhiteElo "901"]
[BlackElo "1741"]
[PlyCount "66"]
[EventDate "2014.04.??"]
[EventType "swiss"]
[EventRounds "7"]
[EventCountry "GER"]
[SourceTitle "EXT 2022"]
[Source "ChessBase"]
[SourceDate "2021.10.06"]
[SourceVersion "1"]
[SourceVersionDate "2021.10.06"]
[SourceQuality "1"]

1. e4 e5 2. Nf3 Nc6 3. Nc3 Nf6 4. Bb5 d6 5. h3 a6 6. Bxc6+ bxc6 7. d3 Be7 8. d4 exd4 9. Nxd4 Bb7 10. f3 c5 11. Nf5 0-0 12. Nd5 Nxd5 13. exd5 Bf6 14. c3 Re8+ 15. Ne3 Bh4+ 16. Kd2 Qg5 17. Kc2 Rxe3 18. Bxe3 Qxe3 19. Qd3 Qxd3+ 20. Kxd3 Bxd5 21. Kc2 Re8 22. Rad1 Bxa2 23. b3 Re2+ 24. Rd2 Bxb3+ 25. Kd3 Bc4+ 26. Kc2 Rxd2+ 27. Kxd2 Bg5+ 28. Kc2 g6 29. Re1 Bb5 30. Re4 f5 31. Re1 Kf7 32. Rb1 Ke7 33. Kb3 d5 0-1

[Event "Hessen-ch U14/U18 Girls"]
[Site "Bad Homburg"]
[Date "2014.04.15"]
[Round "2"]
[White "Hietala, Netta"]
[Black "Krausse, Vanessa"]
[Result "0-1"]
[WhiteElo "901"]
[BlackElo "1587"]
[PlyCount "62"]
[EventDate "2014.04.??"]
[EventType "swiss"]
[EventRounds "7"]
[EventCountry "GER"]
[SourceTitle "EXT 2022"]
[Source "ChessBase"]
[SourceDate "2021.10.06"]
[SourceVersion "1"]
[SourceVersionDate "2021.10.06"]
[SourceQuality "1"]

1. e4 c5 2. Nc3 g6 3. d3 d6 4. Nf3 Nc6 5. g3 Bg7 6. Bg2 Nf6 7. Bf4 0-0 8. 0-0 Nd4 9. e5 Nh5 10. Nxd4 cxd4 11. Nd5 Nxf4 12. gxf4 dxe5 13. fxe5 Bxe5 14. Qe2 Bd6 15. c3 e6 16. Nb4 dxc3 17. bxc3 Qc7 18. Na6 Qxc3 19. Rac1 Qa5 20. d4 Bd7 21. Qb2 Qxa6 22. Bxb7 Rab8 23. Rb1 Qa5 24. Qc2 Qg5+ 25. Kh1 Qf4 26. f3 e5 27. dxe5 Bxe5 28. Rf2 Bf5 29. Be4 Bxe4 30. fxe4 Rxb1+ 31. Kg2 Qg4# 0-1

[Event "Hessen-ch U14/18 Girls"]
[Site "Bad Homburg"]
[Date "2013.??.??"]
[Round "7"]
[White "Hietala, Netta"]
[Black "Rompa, Teresa"]
[Result "1-0"]
[WhiteElo "1000"]
[BlackElo "784"]
[PlyCount "149"]
[EventDate "2013.03.??"]
[EventType "swiss"]
[EventRounds "7"]
[EventCountry "GER"]
[SourceTitle "EXT 2014"]
[Source "ChessBase"]
[SourceDate "2013.11.20"]
[SourceVersion "1"]
[SourceVersionDate "2013.11.20"]
[SourceQuality "1"]

1. e4 e6 2. Nc3 a6 3. Nf3 Nc6 4. g3 g6 5. d3 d6 6. Bg2 Bg7 7. Bd2 Nf6 8. 0-0 e5 9. Bg5 Bg4 10. Bxf6 Qxf6 11. h3 Bxf3 12. Qxf3 Qxf3 13. Bxf3 0-0 14. Nd5 Ra7 15. Nxc7 Nd4 16. Bd1 b5 17. Nd5 Nc6 18. f4 f6 19. c3 Rb7 20. Bb3 Kh8 21. f5 g5 22. g4 a5 23. Bc2 b4 24. Rab1 Rfb8 25. b3 Rf7 26. c4 Nd4 27. Rf2 Rc8 28. Nb6 Rc6 29. Nd5 Bh6 30. Ne3 Rc5 31. Bd1 Rc6 32. Nc2 Rc5 33. Nxd4 exd4 34. Re2 Rf8 35. Rh2 Rf7 36. Rbb2 Re7 37. Rbe2 d5 38. exd5 Rxe2 39. Bxe2 Rc8 40. Bf3 Bf8 41. Re2 Bd6 42. Re6 Be5 43. Ra6 Re8 44. Rxa5 Bf4 45. Kg2 Re3 46. d6 Bxd6 47. Rd5 Be5 48. Be4 Rg3+ 49. Kf2 Rxh3 50. c5 Rh2+ 51. Bg2 Rh4 52. Kf3 h5 53. gxh5 Rf4+ 54. Kg3 Rxf5+ 55. Kg4 Rf4+ 56. Kh3 f5 57. Rxe5 Rh4+ 58. Kg3 Rg4+ 59. Kf2 Rf4+ 60. Bf3 g4 61. c6 Rxf3+ 62. Ke2 f4 63. c7 Re3+ 64. Rxe3 f3+ 65. Rxf3 gxf3+ 66. Kxf3 Kh7 67. c8Q Kh6 68. Qh8+ Kg5 69. Qxd4 Kxh5 70. Qg4+ Kh6 71. Qg1 Kh5 72. Kf4 Kh6 73. Kf5 Kh7 74. Kf6 Kh8 75. Qg7# 1-0

[Event "Hessen-ch U14/18 Girls"]
[Site "Bad Homburg"]
[Date "2013.??.??"]
[Round "6"]
[White "Nguyen, Julia"]
[Black "Hietala, Netta"]
[Result "0-1"]
[WhiteElo "930"]
[BlackElo "1000"]
[PlyCount "94"]
[EventDate "2013.03.??"]
[EventType "swiss"]
[EventRounds "7"]
[EventCountry "GER"]
[SourceTitle "EXT 2014"]
[Source "ChessBase"]
[SourceDate "2013.11.20"]
[SourceVersion "1"]
[SourceVersionDate "2013.11.20"]
[SourceQuality "1"]

1. e4 e5 2. Nf3 Nc6 3. Bb5 d6 4. Nc3 g6 5. d3 Bd7 6. Bg5 Be7 7. Bxe7 Qxe7 8. Qd2 0-0-0 9. h3 Nf6 10. 0-0 a6 11. Ba4 Nd4 12. Bxd7+ Qxd7 13. Nxd4 exd4 14. Ne2 c5 15. c3 dxc3 16. Qxc3 Qe6 17. b4 Nd7 18. a3 Kb8 19. bxc5 dxc5 20. Rab1 b6 21. f3 Ka7 22. d4 Qd6 23. Rfd1 Rhe8 24. a4 a5 25. dxc5 Qxc5+ 26. Qxc5 Nxc5 27. Rdc1 Ka6 28. Rc4 Rd2 29. Nd4 Rd8 30. Nc6 Rd1+ 31. Rxd1 Rxd1+ 32. Kh2 Ra1 33. Ne5 Rxa4 34. Rxa4 Nxa4 35. Nxf7 b5 36. e5 Nc5 37. Ng5 a4 38. Ne4 Ne6 39. Kg3 a3 40. Nc3 b4 41. Na2 b3 42. Nb4+ Kb5 43. Nd3 b2 44. Nf4 Nxf4 45. Kxf4 b1Q 46. e6 Qf5+ 47. Kg3 Qxe6 0-1

[Event "Hessen-ch U14/18 Girls"]
[Site "Bad Homburg"]
[Date "2013.??.??"]
[Round "4"]
[White "Tampe, Katharina"]
[Black "Hietala, Netta"]
[Result "1-0"]
[WhiteElo "937"]
[BlackElo "1000"]
[PlyCount "105"]
[EventDate "2013.03.??"]
[EventType "swiss"]
[EventRounds "7"]
[EventCountry "GER"]
[SourceTitle "EXT 2014"]
[Source "ChessBase"]
[SourceDate "2013.11.20"]
[SourceVersion "1"]
[SourceVersionDate "2013.11.20"]
[SourceQuality "1"]

1. g3 e5 2. Bg2 Nc6 3. c4 Nf6 4. d3 Bb4+ 5. Bd2 Bxd2+ 6. Qxd2 d6 7. Nf3 h6 8. Nc3 Bg4 9. 0-0 Bxf3 10. Bxf3 0-0 11. e4 Nd4 12. Bg2 c6 13. Ne2 Nxe2+ 14. Qxe2 Qa5 15. Qe1 Qxe1 16. Rfxe1 Rad8 17. b4 d5 18. c5 d4 19. a4 b6 20. Rec1 Rc8 21. Bf3 g5 22. Be2 h5 23. Rf1 h4 24. f4 hxg3 25. hxg3 gxf4 26. gxf4 exf4 27. Rxf4 Nh7 28. Kf2 Ng5 29. Rg1 f6 30. Ke1 Kf7 31. Bh5+ Ke7 32. e5 fxe5 33. Rxf8 Rxf8 34. Rxg5 Rh8 35. Bf3 Rh3 36. Ke2 Kf6 37. Rh5 Rg3 38. Rh2 Kf5 39. Be4+ Kf4 40. Rf2+ Kg4 41. Rg2 Rxg2+ 42. Bxg2 Kf4 43. Bxc6 bxc5 44. bxc5 a6 45. Be4 a5 46. c6 Kg5 47. c7 Kg4 48. c8Q+ Kf4 49. Qf5+ Kg3 50. Qg5+ Kh3 51. Bf5+ Kh2 52. Kf2 e4 53. Qg2# 1-0

[Event "GER-chT U14 Girls"]
[Site "Magdeburg"]
[Date "2012.12.30"]
[Round "7.4"]
[White "Hietala, Netta"]
[Black "Eulitz, Charlotte"]
[Result "0-1"]
[WhiteElo "766"]
[BlackElo "958"]
[PlyCount "72"]
[EventDate "2012.12.27"]
[EventType "team-swiss"]
[EventRounds "7"]
[EventCountry "GER"]
[SourceTitle "EXT 2014"]
[Source "ChessBase"]
[SourceDate "2013.11.20"]
[SourceVersion "1"]
[SourceVersionDate "2013.11.20"]
[SourceQuality "1"]
[WhiteTeam "Langen"]
[BlackTeam "Guestrow/Teterow"]
[WhiteTeamCountry "GER"]
[BlackTeamCountry "GER"]

1. e4 e5 2. Nf3 Nc6 3. Nc3 Nf6 4. Bb5 a6 5. Bxc6 bxc6 6. Nxe5 Bb4 7. d3 d6 8. Nxc6 Bxc3+ 9. bxc3 Qd7 10. Nd4 Rb8 11. Ba3 d5 12. Qe2 dxe4 13. dxe4 Qg4 14. Qxg4 Nxg4 15. f3 Ne3 16. Kf2 Nc4 17. Bc1 Be6 18. Nxe6 fxe6 19. Rd1 0-0 20. Rd4 Ne5 21. f4 Ng6 22. g3 e5 23. Rb4 Rbd8 24. f5 Ne7 25. Bg5 Rd7 26. Bxe7 Rxe7 27. Rab1 Rd7 28. Re1 g6 29. f6 Rxf6+ 30. Ke3 Rdf7 31. Rb8+ Kg7 32. Re2 Rf3+ 33. Kd2 Rd7+ 34. Kc1 Rxc3 35. Rb3 Rc4 36. Rd3 Rxd3 0-1

[Event "GER-chT U14 Girls"]
[Site "Magdeburg"]
[Date "2012.12.27"]
[Round "1.4"]
[White "Hietala, Netta"]
[Black "Venjakob, Alina"]
[Result "0-1"]
[WhiteElo "766"]
[BlackElo "1119"]
[PlyCount "84"]
[EventDate "2012.12.27"]
[EventType "team-swiss"]
[EventRounds "7"]
[EventCountry "GER"]
[SourceTitle "EXT 2014"]
[Source "ChessBase"]
[SourceDate "2013.11.20"]
[SourceVersion "1"]
[SourceVersionDate "2013.11.20"]
[SourceQuality "1"]
[WhiteTeam "Langen"]
[BlackTeam "Welper SV"]
[WhiteTeamCountry "GER"]
[BlackTeamCountry "GER"]

1. e4 d5 2. d3 dxe4 3. d4 Bf5 4. g4 Bg6 5. Bg2 Nc6 6. Be3 e5 7. d5 Nb4 8. Na3 Nxd5 9. Nc4 f6 10. Ne2 c6 11. a4 Qd7 12. Ng3 b6 13. Nxe4 Bxe4 14. Bxe4 Rd8 15. Bf5 Qf7 16. Be4 Nxe3 17. Bxc6+ Ke7 18. Qe2 Qxc4 19. Qxc4 Nxc4 20. Rb1 Nh6 21. h3 Rc8 22. Bb7 Rc7 23. Bd5 Ke8 24. b3 Na3 25. Ra1 Nxc2+ 26. Ke2 Nxa1 27. Rxa1 Rc2+ 28. Ke1 Bb4+ 29. Kf1 Bc5 30. f3 Rh2 31. Bc6+ Ke7 32. Rd1 Rh1+ 33. Ke2 Rxd1 34. Kxd1 Rd8+ 35. Ke2 f5 36. g5 Nf7 37. Bb5 Nxg5 38. h4 Nh3 39. Ke1 Nf2 40. Be2 Nd3+ 41. Kf1 Nf4 42. Bc4 Rd1# 0-1

[Event "Hessen-ch U14/18 Girls"]
[Site "Bad Homburg"]
[Date "2012.??.??"]
[Round "9"]
[White "Schaefer, Jessica"]
[Black "Hietala, Netta"]
[Result "1-0"]
[WhiteElo "853"]
[BlackElo "735"]
[PlyCount "41"]
[EventDate "2012.04.??"]
[EventType "swiss"]
[EventRounds "9"]
[EventCountry "GER"]
[SourceTitle "EXT 2015"]
[Source "ChessBase"]
[SourceDate "2014.11.20"]
[SourceVersion "1"]
[SourceVersionDate "2014.11.20"]
[SourceQuality "1"]

1. e4 e5 2. Nf3 Nc6 3. Bc4 Nf6 4. d3 h6 5. Nc3 Bb4 6. a3 Bxc3+ 7. bxc3 d6 8. Be3 Be6 9. Bxe6 fxe6 10. 0-0 Ng4 11. h3 Nxe3 12. fxe3 d5 13. Nxe5 Nxe5 14. Qh5+ Kd7 15. Qxe5 Kc8 16. Qxe6+ Kb8 17. Rab1 Qc8 18. Qxd5 Rd8 19. Rxb7+ Qxb7 20. Qxd8+ Qc8 21. Rb1# 1-0